Jóvenes: ¿En busca de una identidad perdida?

Guardat en:
Dades bibliogràfiques
Autor corporatiu: Universidad Católica Cardenal Raúl Silva Henríquez. Vicerrectoría Académica. Centro de Estudios en Juventud
Format: Text
Publicat: Santiago: CEJU
Matèries:
Etiquetes: Afegir etiqueta
Sense etiquetes, Sigues el primer a etiquetar aquest registre!

MARC

LEADER 00000 a a2200000 04500
001 27857
003
040
090 |a 186517  
110 |a Universidad Católica Cardenal Raúl Silva Henríquez. Vicerrectoría Académica. Centro de Estudios en Juventud  
245 |a Jóvenes: ¿En busca de una identidad perdida?  
260 |a Santiago:   |b CEJU  
300 |b **no definido**  
650 |a JUVENTUD  
650 |a POLITICA SOCIAL  
650 |a CONDICIONES SOCIALES  
650 |a DISTRIBUCION DEL INGRESO  
650 |a JUVENTUD  
650 |a PARTICIPACION DEL ESTADO  
999 |c 17351  |d 17351